|
|
|
|
| LEADER |
01182nam a2200289 a 4500 |
| 001 |
00025147 |
| 008 |
120519s2010 enka 000 1 eng |
| 020 |
|
|
|a 9780194248907
|
| 020 |
|
|
|a 9780194248426 (book and multiROM pack)
|
| 040 |
|
|
|a BD-DhAAL
|c BD-DhAAL
|
| 082 |
0 |
0 |
|a 428.6
|2 22
|
| 100 |
1 |
|
|a Henry, O.
|9 54163
|
| 245 |
1 |
0 |
|a Eight great American tales /
|c O. Henry ; text adaptation by Bill Bowler ; illustrated by Jamel Akib.
|
| 260 |
|
|
|a Oxford ;
|a New York :
|b Oxford University Press,
|c c2010
|
| 300 |
|
|
|a 67 p. :
|b col. ill. ;
|c 21 cm.
|
| 490 |
1 |
|
|a Dominoes. Level two
|
| 541 |
|
|
|e 00025147
|
| 650 |
0 |
|
|a Readers (Adult)
|
| 650 |
0 |
|
|a Readers for new literates.
|
| 650 |
0 |
|
|a Reading comprehension
|v Problems, exercises, etc.
|9 48732
|
| 700 |
1 |
|
|a Akib, Jamel.
|9 54164
|
| 700 |
1 |
|
|a Bowler, Bill.
|9 30018
|
| 830 |
|
|
|a Dominoes. Level two
|9 36535
|
| 852 |
1 |
|
|a Ayesha Abed Library
|c General shelf.
|
| 942 |
|
|
|2 ddc
|c BK
|
| 999 |
|
|
|c 12240
|d 12240
|
| 952 |
|
|
|0 0
|1 0
|2 ddc
|4 0
|6 428_600000000000000_HEN
|7 0
|9 20269
|a BRACUL
|b BRACUL
|d 2012-05-23
|e Karim International
|g 651.00
|l 2
|m 1
|o 428.6 HEN
|p 3010025147
|r 2024-07-15
|s 2024-07-01
|t 1
|w 2012-05-23
|y BK
|x Transferred from BIL to BRACUL on 06/06/22
|